<?xml version="1.0" encoding="UTF-8"?>
<record
    xmlns:xsi="http://www.w3.org/2001/XMLSchema-instance"
    xsi:schemaLocation="http://www.loc.gov/MARC21/slim http://www.loc.gov/standards/marcxml/schema/MARC21slim.xsd"
    xmlns="http://www.loc.gov/MARC21/slim">

  <leader>00984nam a2200193Ia 4500</leader>
  <datafield tag="952" ind1=" " ind2=" ">
    <subfield code="0">0</subfield>
    <subfield code="1">0</subfield>
    <subfield code="2">lcc</subfield>
    <subfield code="4">0</subfield>
    <subfield code="7">0</subfield>
    <subfield code="a">01</subfield>
    <subfield code="b">01</subfield>
    <subfield code="d">2011-09-19</subfield>
    <subfield code="l">0</subfield>
    <subfield code="o">QA76 F4718 1993</subfield>
    <subfield code="p">16 000443</subfield>
    <subfield code="r">2023-07-11</subfield>
    <subfield code="t">1</subfield>
    <subfield code="w">2012-10-28</subfield>
    <subfield code="y">LB</subfield>
  </datafield>
  <datafield tag="999" ind1=" " ind2=" ">
    <subfield code="c">86506</subfield>
    <subfield code="d">86506</subfield>
  </datafield>
  <controlfield tag="008">121028s9999    xx            000 0 und d</controlfield>
  <datafield tag="020" ind1=" " ind2=" ">
    <subfield code="a">968-18-1279-4.</subfield>
  </datafield>
  <datafield tag="050" ind1=" " ind2=" ">
    <subfield code="a">QA76</subfield>
    <subfield code="b">F4718 1993</subfield>
  </datafield>
  <datafield tag="100" ind1=" " ind2=" ">
    <subfield code="a">Fitzgerald, Jerry</subfield>
    <subfield code="e">Autor</subfield>
  </datafield>
  <datafield tag="245" ind1=" " ind2=" ">
    <subfield code="a">Fundamentos de comunicaci&#xF3;n de datos</subfield>
    <subfield code="c">/ Jerry Fitzgerald</subfield>
  </datafield>
  <datafield tag="260" ind1=" " ind2=" ">
    <subfield code="a">M&#xE9;xico</subfield>
    <subfield code="b">: Noriega</subfield>
    <subfield code="c">, 1993</subfield>
  </datafield>
  <datafield tag="300" ind1=" " ind2=" ">
    <subfield code="a">275 p&#xE1;g.</subfield>
    <subfield code="b">; il., diagramas</subfield>
    <subfield code="c">: 23cm.</subfield>
  </datafield>
  <datafield tag="500" ind1=" " ind2=" ">
    <subfield code="a">Incluye &#xCD;ndice y Glosario.</subfield>
  </datafield>
  <datafield tag="504" ind1=" " ind2=" ">
    <subfield code="a">Incluye Referencias Bibliograficas. (p.263-266)</subfield>
  </datafield>
  <datafield tag="505" ind1=" " ind2=" ">
    <subfield code="a">I. Introducci&#xF3;n a las comunicaciones de datos
II. Conceptos fundamentales de comunicaciones
III. Mecam&#xE1;tica de las comunicaciones de datos
IV. Conceptos de configuraci&#xF3;n de redes y t&#xE9;cnicas de control
V. Detecci&#xF3;n y correcci&#xF3;n de errores
VI. Program&#xE1;tica de las comunicaciones de datos
VII. Portadoras comunes y aranceles
VIII. Dise&#xF1;o de redes de comunicaciones</subfield>
  </datafield>
  <datafield tag="519" ind1=" " ind2=" ">
    <subfield code="a">Material complementario /</subfield>
    <subfield code="d">16 000443</subfield>
  </datafield>
  <datafield tag="650" ind1=" " ind2="0">
    <subfield code="a">COMUNICACI&#xD3;N</subfield>
  </datafield>
  <datafield tag="942" ind1=" " ind2=" ">
    <subfield code="2">lcc</subfield>
    <subfield code="c">LB</subfield>
  </datafield>
</record>
